000 00540nam a2200217Ia 4500
003 OSt
005 20220924134214.0
006 a|||||r|||| 00| 0
007 ta
008 220923b |||||||| |||| 00| 0 snd d
024 _a272905
037 _cTextual
040 _aARTS
_cARTS
_bsnd
041 _2snd
_asnd
082 _aO1593,4NSHx, K3
100 _aSheikh Ayaz
_9208267
245 0 _aJe Kak Kakoriya kapari
260 _c1963
942 _hO1593,4NSHx, K3
_cTEXL
_2CC
999 _c436779
_d436779